| 000 | 01155nam0a22002771 4500 | ||
|---|---|---|---|
| 001 | rc\2770726 | ||
| 005 | 20250806204333.0 | ||
| 035 | _a(NLR Aleph) 006897106 | ||
| 090 |
_a26972 _c26972 |
||
| 100 | _a20110915d1941 u y0rusy50 ca | ||
| 101 | 0 | _arus | |
| 102 | _aRU | ||
| 105 | _aabc z ||||| | ||
| 200 | 1 |
_aФенологические наблюдения _eПракт. руководство к производству наблюдений над сезон. явлениями живой природы _fГ. Э. Шульц, В. Б. Шамраевский _gГеогр.-экон. н.-и. ин-т Ленингр. гос. ун-та |
|
| 210 |
_aЛенинград _cГЭНИИ _d1941 |
||
| 215 |
_a88 с., 1 вкл. л. портр. _cил., схем., карт. _d26 см. |
||
| 320 | _aБиблиогр.: с. 78-9 | ||
| 700 | 1 |
_aШульц _bГ.Э. _f1897- _gГай Эвальдович |
|
| 701 | 1 |
_aШамраевский _bВ.Б. |
|
| 801 | 0 |
_aRU _bNLR _gpsbo |
|
| 801 | 1 |
_aRU _bELAR _2rusmarc |
|
| 852 |
_aNLR _jГн10 Г-8/3 |
||
| 942 | _cBOOK | ||
| 945 | _aРоссийская национальная библиотека | ||
| 980 | _aNB | ||
| 980 | _aBV | ||